الضبط الإداري في دولة الإمارات العربية المتحدة : (Record no. 51927)
[ view plain ]
| 000 -LEADER | |
|---|---|
| fixed length control field | 01459nam a22003377a 4500 |
| 003 - CONTROL NUMBER IDENTIFIER | |
| control field | EG-GICUC |
| 005 - DATE AND TIME OF LATEST TRANSACTION | |
| control field | 20260121101528.0 |
| 008 - FIXED-LENGTH DATA ELEMENTS--GENERAL INFORMATION | |
| fixed length control field | 251220s2003 ua |||fr|||| 000 0 ara d |
| 017 ## - COPYRIGHT OR LEGAL DEPOSIT NUMBER | |
| Copyright or legal deposit number | 2003/19352 |
| 040 ## - CATALOGING SOURCE | |
| Original cataloging agency | EG-GICUC |
| Language of cataloging | ara |
| Transcribing agency | EG-GICUC |
| Modifying agency | EG-GICUC |
| Description conventions | rda |
| 041 0# - LANGUAGE CODE | |
| Language code of text/sound track or separate title | ara |
| 082 04 - DEWEY DECIMAL CLASSIFICATION NUMBER | |
| Edition number | 21 |
| Classification number | 345.31 |
| Item number | م ح . ض |
| 092 04 - LOCALLY ASSIGNED DEWEY CALL NUMBER (OCLC) | |
| Edition number | 21 |
| 099 ## - LOCAL FREE-TEXT CALL NUMBER (OCLC) | |
| Classification number | Law1 07 345.31 م ح . ض 2005 |
| 100 0# - MAIN ENTRY--PERSONAL NAME | |
| Personal name | القحطاني، محمد عبيد الحساوي |
| Relator term | مؤلف. |
| 245 12 - TITLE STATEMENT | |
| Title | الضبط الإداري في دولة الإمارات العربية المتحدة : |
| Remainder of title | في دولة الإمارات العربية المتحدة / |
| Statement of responsibility, etc. | المقدم دكتور محمد عبيد الحساوي القحطاني. |
| 264 #3 - PRODUCTION, PUBLICATION, DISTRIBUTION, MANUFACTURE, AND COPYRIGHT NOTICE | |
| Place of production, publication, distribution, manufacture | القاهرة : |
| Name of producer, publisher, distributor, manufacturer | دار أبو المجد، |
| Date of production, publication, distribution, manufacture, or copyright notice | 2005. |
| 300 ## - PHYSICAL DESCRIPTION | |
| Extent | 518 ؛صفحة |
| Dimensions | 24 سم. |
| Other physical details | إيضاحيات، صور، مثيليات ؛ |
| 336 ## - CONTENT TYPE | |
| Source | rda content |
| Content type term | text |
| 337 ## - MEDIA TYPE | |
| Source | rda media |
| Media type term | Computer |
| 338 ## - CARRIER TYPE | |
| Source | rda carrier |
| Carrier type term | Online Resource |
| 504 ## - BIBLIOGRAPHY, ETC. NOTE | |
| Bibliography, etc. note | يشتمل على إرجاعات ببليوجرافية. |
| 504 ## - BIBLIOGRAPHY, ETC. NOTE | |
| Bibliography, etc. note | 581 -555 ببليوجرافيا: صفحات. |
| 546 ## - LANGUAGE NOTE | |
| Language note | النص أغلبه باللغة العربية مع بعض النصوص الفرنسية |
| 650 14 - SUBJECT ADDED ENTRY--TOPICAL TERM | |
| Topical term or geographic name entry element | الضبط الإداري |
| Source of heading or term | qrmak |
| 650 14 - SUBJECT ADDED ENTRY--TOPICAL TERM | |
| Topical term or geographic name entry element | القانون الإداري |
| Source of heading or term | qrmak |
| 651 1# - SUBJECT ADDED ENTRY--GEOGRAPHIC NAME | |
| Source of heading or term | qrmak |
| 856 40 - ELECTRONIC LOCATION AND ACCESS | |
| Uniform Resource Identifier | <a href="https://fll.law.cu.edu.eg/fulltext/bks/B07-00859.pdf">https://fll.law.cu.edu.eg/fulltext/bks/B07-00859.pdf</a> |
| 905 ## - Cataloger and Reviser Names | |
| Cataloger Name: | Sara El-Gendy |
| Revisor Name: | Yara |
| 942 ## - ADDED ENTRY ELEMENTS (KOHA) | |
| Source of classification or shelving scheme | Dewey Decimal Classification |
| Koha item type | Books |
| Edition | 21 |
| Suppress in OPAC | No |
| Withdrawn status | Lost status | Source of classification or shelving scheme | Damaged status | Not for loan | Collection | Home library | Current library | Date acquired | Total checkouts | Full call number | Barcode | Date last seen | Copy number | Price effective from | Koha item type |
|---|---|---|---|---|---|---|---|---|---|---|---|---|---|---|---|
| Dewey Decimal Classification | Not for loan | القانون الإداري | جــــامعة القــاهرة | مكتبة كلية الحقوق - المبنى الرئيسي | 20.12.2025 | Law1 07 345.31 م ح . ض 2005 0700859 C1 | B07-00859 | 20.12.2025 | 1 | 20.12.2025 | Books | ||||
| Dewey Decimal Classification | القانون الإداري | جــــامعة القــاهرة | مكتبة كلية الحقوق - المبنى الرئيسي | 20.12.2025 | Law1 07 345.31 م ح . ض 2005 0700860 C2 | B07-00860 | 20.12.2025 | 2 | 20.12.2025 | Books | |||||
| Dewey Decimal Classification | القانون الإداري | جــــامعة القــاهرة | مكتبة كلية الحقوق - فـرع الشيخ زايد | 20.12.2025 | Law2 07 345.31 م ح . ض 2005 0700861 C3 | B07-00861 | 20.12.2025 | 3 | 20.12.2025 | Books |